Функциональность рабочего места на основе принципа модульности; Молодежь и современные информационные технологии

Detaylı Bibliyografya
Parent link:Молодежь и современные информационные технологии.— 2018.— [С. 291-292]
Yazar: Бринюк И. А.
Müşterek Yazar: Национальный исследовательский Томский политехнический университет Школа базовой инженерной подготовки Отделение общетехнических дисциплин
Diğer Yazarlar: Фех А. И. Алина Ильдаровна (научный руководитель)
Özet:Заглавие с титульного экрана
Dil:Rusça
Baskı/Yayın Bilgisi: 2018
Seri Bilgileri:Компьютерная графика и дизайн
Konular:
Online Erişim:http://earchive.tpu.ru/handle/11683/46456
Materyal Türü: MixedMaterials Elektronik Kitap Bölümü
KOHA link:https://koha.lib.tpu.ru/cgi-bin/koha/opac-detail.pl?biblionumber=626406

MARC

LEADER 00000naa2a2200000 4500
001 626406
005 20231101133417.0
035 |a (RuTPU)RU\TPU\conf\25776 
035 |a RU\TPU\conf\25773 
090 |a 626406 
100 |a 20180228d2018 k y0rusy50 ca 
101 0 |a rus 
102 |a RU 
105 |a y z 101zy 
135 |a drcn ---uucaa 
181 0 |a i  
182 0 |a b 
200 1 |a Функциональность рабочего места на основе принципа модульности  |f И. А. Бринюк  |g науч. рук. А. И. Фех 
203 |a Текст  |c электронный 
225 1 |a Компьютерная графика и дизайн 
230 |a 1 компьютерный файл (pdf; 312 Кb) 
300 |a Заглавие с титульного экрана 
320 |a [Библиогр.: с. 292 (5 назв.)] 
463 0 |0 (RuTPU)RU\TPU\conf\25518  |t Молодежь и современные информационные технологии  |o сборник трудов XV Международной научно-практической конференции студентов, аспирантов и молодых учёных, 04-07 декабря 2017 г., г. Томск  |f Национальный исследовательский Томский политехнический университет, Инженерная школа информационных технологий и робототехники ; под ред. С. С. Михалевич [и др.]  |v [С. 291-292]  |d 2018 
610 1 |a электронный ресурс 
610 1 |a труды учёных ТПУ 
610 1 |a функциональность 
610 1 |a рабочие места 
610 1 |a модульность 
610 1 |a рабочее пространство 
610 1 |a транспортные средства 
700 1 |a Бринюк  |b И. А. 
702 1 |a Фех  |b А. И.  |c специалист в области начертательной геометрии  |c старший преподаватель Томского политехнического университета  |f 1978-  |g Алина Ильдаровна  |2 stltpush  |4 727 
712 0 2 |a Национальный исследовательский Томский политехнический университет  |b Школа базовой инженерной подготовки  |b Отделение общетехнических дисциплин  |h 8035  |2 stltpush  |3 (RuTPU)RU\TPU\col\23550 
801 2 |a RU  |b 63413507  |c 20201229  |g RCR 
856 4 |u http://earchive.tpu.ru/handle/11683/46456 
942 |c BK